| 000 | 00369nam a22001457a 4500 | ||
|---|---|---|---|
| 005 | 20250612112112.0 | ||
| 008 | 250612b |||||||| |||| 00| 0 eng d | ||
| 020 | _a9781844740123 | ||
| 050 |
_aBS543 _b.G65 GOL |
||
| 100 | _aGOLDSWORTHY GRAEME | ||
| 245 | _aACCORDING TO PLAN | ||
| 260 |
_aNOTTINGHAM _bINTER-VARSITY PRESS _cc1991 |
||
| 300 | _a251p | ||
| 942 |
_2lcc _cBK _n0 |
||
| 999 |
_c6420 _d6420 |
||